000 01136nam a2200313 a 4500
001 000020850
005 20200930011157.0
008 100818s1977 mx 000 m spa d
040 _aDO-SdBNP
_bspa
_cBNPHU
082 _a868.3
_bQ5ó, 1977
100 1 _aQuevedo, Francisco de,
_d1580-1645
_96261
245 1 0 _aObras escogidas /
_cQuevedo ; selección y estudio preliminar por Germán Arciniegas.
250 _a10a ed.
260 _aMéxico :
_bCumbre,
_c1977.
300 _axxxv, 432 p. ;
_c21 cm.
490 1 _aLos clásicos
505 0 0 _aPoesías. La hora de todos y la fortuna con seso. Política de Dios, gobierno de Cristo. Marco Bruto. Sueños y discursos.
650 4 _aNovela española
_91123
650 4 _aPoesía española
_9631
650 4 _aProsa poética española
_928208
650 4 _aLiteratura española
_9632
650 4 _aLiteratura española
_xColecciones de escritos
_98735
600 1 4 _aBRUTO, MARCO JUNIO,
_d85?-42 A.C.
_928395
651 4 _aRoma
_xHistoria
_xRepública, 510-30 A.C
_928396
700 1 _aArciniegas, Germán,
_943711
830 0 _aLos clásicos
_943697
910 _aWM
049 _aBNGR
999 _c20353
_d20353